Evaluación ambiental y desarrollo sostenible
Saved in:
| Main Authors: | , |
|---|---|
| Format: | Book |
| Language: | Spanish |
| Published: |
Madrid
Pirámide
2007
|
| Series: | Colección Economía y Empresa
|
| Subjects: | |
| Tags: |
Add Tag
No Tags, Be the first to tag this record!
|
MARC
| LEADER | 00000cam a2200000 a 4500 | ||
|---|---|---|---|
| 001 | UCG9966 | ||
| 003 | CL-VaPUC | ||
| 008 | 120420e20070000SP |||||||||||||||||spa|d | ||
| 020 | |a 9788436821055 | ||
| 082 | 0 | 4 | |a 363.7 |b ERI |2 21 |
| 100 | 0 | |a Erias Rey, Antonio |e author |9 561750 | |
| 700 | 0 | |a Alvarez-Campana Gallo, José Manuel |e author |9 561751 | |
| 245 | 1 | 0 | |a Evaluación ambiental y desarrollo sostenible |
| 300 | |a 542 p | ||
| 942 | |c BK | ||
| 945 | |d 20120420 00:00:00 |a dcastane | ||
| 260 | |a Madrid |b Pirámide |c 2007 | ||
| 650 | 0 | |a Medio ambiente |9 257625 | |
| 650 | 0 | |a Gestión ambiental |9 338121 | |
| 650 | 7 | |a CALIDAD AMBIENTAL |2 CL-VaPUC |9 338241 | |
| 650 | 0 | |a Protección del medio ambiente |9 257626 | |
| 583 | |a last modification |c 20120420 11:58:00 |k Rodrigo Vera | ||
| 490 | 0 | |a Colección Economía y Empresa | |
| 999 | |c 347491 |d 347489 | ||
| 952 | |0 0 |1 0 |4 0 |6 363_700000000000000_ERI_2007 |7 0 |8 A |9 448873 |a BIBING |b BIBING |d 2019-11-22 |i 4858123 |o 363.7 ERI 2007 |p 4858123 |r 2025-01-20 |w 2019-11-22 |y BK |k TRA | ||
| 952 | |0 0 |1 0 |4 0 |6 363_700000000000000_ERI_2007 |7 0 |8 A |9 448874 |a BIBING |b BIBING |d 2019-11-22 |i 4858131 |o 363.7 ERI 2007 |p 4858131 |r 2025-01-20 |w 2019-11-22 |y BK |k TRA | ||